00513nam a2200157 a 450000500170000000800410001702000180005805000370007605000380011324500790015125000220023026000480025230000100030044000330031065000120034320140412111227.0001117s19uu xx 00 eng d a0-15-330084-1 aTR(GS 428.6bC898Ri HBJ L.4 1989 aTR(GS 428.6bC898Ri HBJ L.4 1989 aRibbons (studybook and reading activities) /cBernice E. Cullinan, et. al. aTeacher's Edition aOrlando :bHarcout Brace Jovanovich,c1989. a94 p. aHBJ Reading Program, Level 4 aReading